Sports Quiz

Random Sports or NHL Quiz

Big 4 Teams by Any 3 Letters Quiz Stats

 Plays Quiz Updated Jul 23, 2020

Support Sporcle.
Go Orange.
Score 0/123 Timer 05:00
12 Plays Today
Big 4 Teams % Correct
Washington Football Team
92.7%
Tampa Bay Buccaneers
90.5%
Portland Trail Blazers
90.1%
Detroit Red Wings
89.9%
Nashville Predators
89.8%
Boston Red Sox
89.7%
New York Rangers
89.2%
Texas Rangers
89.2%
Green Bay Packers
88.4%
Indiana Pacers
88.1%
Carolina Panthers
86.5%
Florida Panthers
86.5%
Seattle Mariners
85.9%
Los Angeles Lakers
85.5%
Pittsburgh Steelers
85.2%
Cleveland Cavaliers
85%
Las Vegas Raiders
83.7%
Cincinnati Reds
83.4%
Los Angeles Chargers
83.3%
Miami Dolphins
83.1%
San Francisco 49ers
82.7%
Los Angeles Dodgers
82.7%
Detroit Tigers
82.6%
New York Jets
81.9%
Winnipeg Jets
81.8%
Los Angeles Clippers
81.8%
Columbus Blue Jackets
81.1%
Minnesota Vikings
81%
Chicago White Sox
80.8%
New York Islanders
80.1%
Milwaukee Brewers
79.5%
St. Louis Cardinals
79.1%
Arizona Cardinals
79.1%
Philadelphia 76ers
78.9%
Edmonton Oilers
78.5%
New Orleans Pelicans
78.4%
New York Giants
77.9%
San Francisco Giants
77.8%
Philadelphia Flyers
77.6%
Miami Marlins
76.8%
Houston Rockets
75.6%
Big 4 Teams % Correct
Seattle Seahawks
75.4%
New York Mets
75.1%
Chicago Blackhawks
75.1%
Chicago Bears
74.8%
Cleveland Indians
74.5%
Los Angeles Kings
72.9%
Sacramento Kings
72.9%
Ottawa Senators
72.8%
Detroit Lions
72.4%
Brooklyn Nets
71.8%
Toronto Blue Jays
71.6%
Minnesota Twins
71.2%
Milwaukee Bucks
71%
New England Patriots
71%
Houston Texans
70.8%
Montreal Canadiens
70.3%
Pittsburgh Penguins
70%
Boston Bruins
69.9%
Tennessee Titans
69.4%
Cincinnati Bengals
68.9%
Vancouver Canucks
68.6%
Jacksonville Jaguars
68.2%
Atlanta Falcons
67.5%
Atlanta Braves
67.2%
Denver Broncos
67.2%
Washington Nationals
67.1%
Cleveland Browns
66.8%
New York Yankees
66.5%
Baltimore Ravens
66%
Golden State Warriors
65.4%
St. Louis Blues
64.7%
Philadelphia Phillies
64.6%
Colorado Rockies
64.4%
Philadelphia Eagles
64.2%
New York Knicks
64%
Denver Nuggets
63.6%
Charlotte Hornets
63%
New Orleans Saints
62.8%
Kansas City Royals
62.3%
Miami Heat
62.1%
Dallas Mavericks
61.9%
Big 4 Teams % Correct
Carolina Hurricanes
61.9%
Detroit Pistons
61.3%
Toronto Raptors
61.3%
Baltimore Orioles
61%
Arizona Diamondbacks
60.8%
Dallas Cowboys
60.7%
Washington Capitals
60.5%
Atlanta Hawks
60.2%
Dallas Stars
59.7%
Tampa Bay Lightning
59.5%
Buffalo Bills
58.8%
Buffalo Sabres
57.7%
Vegas Golden Knights
57.6%
Chicago Bulls
56.8%
Utah Jazz
56.6%
Boston Celtics
56.4%
Anaheim Ducks
55.1%
Chicago Cubs
54.8%
Los Angeles Angels
54.7%
Pittsburgh Pirates
54.6%
Oklahoma City Thunder
53.8%
Kansas City Chiefs
53.3%
San Diego Padres
52.8%
Oakland Athletics
52.7%
Memphis Grizzlies
52.6%
Indianapolis Colts
51.6%
San Antonio Spurs
50.8%
Los Angeles Rams
50.7%
Tampa Bay Rays
50.4%
Minnesota Timberwolves
49.2%
Phoenix Suns
48.9%
Houston Astros
47.9%
Colorado Avalanche
47%
Toronto Maple Leafs
45.8%
Orlando Magic
44.8%
Arizona Coyotes
43.5%
Calgary Flames
41.3%
Minnesota Wild
40.2%
New Jersey Devils
39.8%
Washington Wizards
38.6%
San Jose Sharks
36.7%

You're not logged in!

Compare scores with friends on all Sporcle quizzes.
OR
Log In

From the Vault

10 Words, 20 Definitions X

by DesertSpartan

After further review, the ruling on the field is confirmed - English is a strange language.
Remove Ads.
Support Sporcle.
Get the best of Sporcle when you Go Orange. This ad-free experience offers more features, more stats, and more fun while also helping to support Sporcle. Thank you for becoming a member.

Show Comments

Extras

Top Quizzes Today


Score Distribution

Your Account Isn't Verified!

In order to create a playlist on Sporcle, you need to verify the email address you used during registration. Go to your Sporcle Settings to finish the process.

Report this User

Report this user for behavior that violates our Community Guidelines.

Details: